000 00277 a2200133 4500
001 194801
040 _cMagnum
100 _aAlencar, José de
240 1 0 _aA alma do lázaro
_lpor
245 1 0 _aA alma do lázaro
300 _a44
697 _aLITERATURA GERAL
942 _cBK
999 _c194801
_d194801